000 00717nam a2200289Ia 4500
005 20260324121034.0
008 008 260324s9999 xx 000 0 eng d
020 _a9781315380704
037 _aEBOOK
040 _aCRL
040 _beng
040 _cCRL
041 _2eng
041 _aeng
084 _qCRL
100 _aLixiang Yang
_91160954
245 4 _aThe Art of Linux Kernel Design
245 0 _bIllustrating the Operating System Design Principle and Implementation
260 _bTaylor and Francis
260 _c2014
365 _a
365 _b370
856 _uhttp://www.taylorfrancis.com/books/9781315380704
942 _cEBOOK
999 _c1752803
_d1752803